Sayings of Buddha : (Record no. 168143)

000 -LEADER
fixed length control field 00384nam a22001451a 4500
082 ## - DEWEY DECIMAL CLASSIFICATION NUMBER
Classification number 294.363
Item number JUS/S
100 ## - MAIN ENTRY--PERSONAL NAME
Personal name Justin Hartley Moore
245 ## - TITLE STATEMENT
Title Sayings of Buddha :
Remainder of title the iti-vuttaka of the buddhist canon/
Statement of responsibility, etc. by Justin Hartley Moore.
260 ## - PUBLICATION, DISTRIBUTION, ETC.
Place of publication, distribution, etc. New Delhi:
Name of publisher, distributor, etc. Cosmo,
Date of publication, distribution, etc. 1981.
300 ## - PHYSICAL DESCRIPTION
Extent 142p.
650 ## - SUBJECT ADDED ENTRY--TOPICAL TERM
Topical term or geographic name entry element Buddha
650 ## - SUBJECT ADDED ENTRY--TOPICAL TERM
Topical term or geographic name entry element Buddhism
650 ## - SUBJECT ADDED ENTRY--TOPICAL TERM
Topical term or geographic name entry element Religion
942 ## - ADDED ENTRY ELEMENTS (KOHA)
Koha item type Book
Holdings
Withdrawn status Lost status Damaged status Not for loan Permanent Location Current Location Shelving location Date acquired Total Checkouts Full call number Barcode Date last seen Price effective from Koha item type
        RC Thiruvananthapuram RC Thiruvananthapuram   19.11.2018   294.363 JUS/S TV010156 19.11.2018 19.11.2018 Book